000 00630nam a2200217 i 4500
001 58094
003 ES-MaACL
005 20230906163727.0
007 t|
008 031021s1956 sp ||||1| spa d
100 1 _aDownes, Anne Miller.
_945535
245 1 3 _aLa gran promesa
_b: novela /
_cAnne Mille Downes ; [traducción de J. Romero de Tejada].
250 _a[1ª ed.].
260 _aBarcelona :
_bPlaneta,
_c[1956] (
_fDiamante)
300 _a365 p. ;
_c19 cm.
490 1 _aGoliat
700 1 _aRomero de Tejada, J.
_999376
830 0 _aGoliat
_9181396
852 _aES-MaACL
_jC-11592
_bR.39636
999 _c58094
_d58094